mysqli: Table './ulib62015/stat_globaluid' is marked as crashed and should be repaired
select id from stat_globaluid where statuid='20260517203604_575'
mysqli: Table './ulib62015/stat_globaluid' is marked as crashed and should be repaired
DELETE FROM stat_globaluid
WHERE id NOT IN (
SELECT id
FROM (
SELECT id
FROM stat_globaluid
ORDER BY id DESC
LIMIT 100
) foo
);
mysqli: Table './ulib62015/stat_globaluid' is marked as crashed and should be repaired
insert into stat_globaluid set
statuid='20260517203604_575',
dt='1779024964',
phpself='/ULIB62015/dublinfull.php',
agent='Mozilla/5.0 AppleWebKit/537.36 (KHTML, like Gecko; compatible; ClaudeBot/1.0; +claudebot@anthropic.com)',
yea='2026',
mon='5',
dat='17',
ip='216.73.216.45'
mysqli: Table './ulib62015/stathist_viewbib_bib_type' is marked as crashed and should be repaired
insert into stathist_viewbib_bib_type set
dat='17' ,
mon='05' ,
yea='2026' ,
statuid='20260517203604_575' ,
head='13399121542' ,
foot='marc' ,
dt='1779024964'
LEADER : 00000nam 2200000uu 4500
001 13399121542
003 ULIB
008 160502s||||||||th 000 0 tha d
020 ^a9781107620698
050 04 ^aPE1128^bC967o 2014
100 1 ^aCullen, Pauline
245 14 ^aThe official Cambridge guide to IELTS :^bfor academic & general training : student's book with answers /^cPauline Cullen, Amanda French, Vanessa Jakeman
246 31 ^aThe official Cambridge guide to IELTS : for academic & general training
250 ^a1st ed.
260 ^aCambridge :^bCambridge University Press,^cc2014.
300 ^a402 p. :^bcol. ill. ;^c28 cm. +^e1DVD-ROM
650 0 ^aInternational English Language Testing System^vStudy guides
650 0 ^aEnglish language^xStudy and teaching^xForeign speakers
650 0 ^aEnglish language^vTextbooks for foreign speakers